000
00395nam a2200145Ia 4500
008
100122s9999 xx 000 0 und d
082
_b
6065
_a
823.08
100
_a
आंबराईकर लखजी
245
_a
ओवाळणी
260
_b
छाया प्रकाशन
_c
1924
300
_a
50
630
_a
ओवाळणी
730
_a
ओवाळणी
942
_c
BOOK
999
_c
399183
_d
399180